| 000 | 01023nam a2200253 a 4500 | ||
|---|---|---|---|
| 001 | BD-DhSAU 449 | ||
| 003 | BD-DhSAU | ||
| 005 | 20141231214348.0 | ||
| 008 | 890310s1989 ii a b 001 0 eng | ||
| 010 | _a 88905827 | ||
| 020 |
_a8185005583 _cRs125.00 ($25.00 U.S.) |
||
| 040 | _cBD-DhSAU | ||
| 082 |
_222 _a630.20954 _bMAT |
||
| 100 | 1 | _aMandal, G. C. | |
| 245 | 1 | 0 |
_aTechnology, growth, and welfare in Indian agriculture / _cGobinda C. Mandal. |
| 250 | _a1st English ed. | ||
| 260 |
_aNew Delhi, India : _bAgricole Pub. Academy, _c1989. |
||
| 300 |
_axvi, 161 p. : _bill. ; _c23 cm. |
||
| 504 | _aIncludes bibliographies and index. | ||
| 590 | _aSakey | ||
| 650 | 0 |
_aAgronomy _xEconomic aspects _zIndia. |
|
| 650 | 0 |
_aAgricultural innovations _xEconomic aspects _zIndia. |
|
| 856 | _uhttps://books.google.com.bd/books?id=-phKAAAAMAAJ&q=Technology,+growth,+and+welfare+in+Indian+agriculture&dq=Technology,+growth,+and+welfare+in+Indian+agriculture&hl=en&sa=X&ei=-t2kVJKYCoqTuAS7joDQCQ&ved=0CB0Q6AEwAA | ||
| 942 |
_2ddc _cBOOK |
||
| 999 |
_c449 _d449 |
||